No me iré sin mi hija

Basada en una historia real. En agosto de 1984, el marido de Betty Mahmoody, una mujer de Michigan, se llevó a su esposa y a su hija de 4 años a Irán para que ambas conocieran a su familia, de religión musulmana. El esposo le prometió a Betty que ellas estarían a salvo y que serían libres de regresa...

Descripción completa

Guardado en:
Autor Principal: Gilbert, Brian.
Autor Corporativo: Metro-Goldwyn-Mayer.
Otros Autores: Mahmoody, Betty; Autora., Field, Sally; Reparto., Molina, Alfred; Reparto.
Formato: Deslizar
Idioma:Undetermined
Publicado: Estados Unidos : Metro-Goldwyn-Mayer, 1990.
Materias:
Etiquetas: Agregar Etiqueta
Sin Etiquetas, Sea el primero en etiquetar este registro!
LEADER 01234ngm a22002415a 4500
001 CEM.cems020649
008 231115s1990####xx#---############vlund#d
005 20231115205315.0
245 1 0 |a No me iré sin mi hija  |h [videograbación] /  |c Brian Gilbert. 
260 |a Estados Unidos :  |b Metro-Goldwyn-Mayer,  |c 1990. 
300 |a 115'. 
520 |a Basada en una historia real. En agosto de 1984, el marido de Betty Mahmoody, una mujer de Michigan, se llevó a su esposa y a su hija de 4 años a Irán para que ambas conocieran a su familia, de religión musulmana. El esposo le prometió a Betty que ellas estarían a salvo y que serían libres de regresar a los Estados Unidos cuando ella quisiera. 
590 |a Identificación anterior: 286 
538 |a Soporte: DVD -- Formato: AVI – Peso: 566mb -- Resolución: 560 x 420 -- 26 fps 
500 |a Título original: Not Without my Daughter – Idioma: Doblada al español. 
100 1 |a Gilbert, Brian. 
700 1 |a Mahmoody, Betty; Autora. 
700 1 |a Field, Sally; Reparto. 
700 1 |a Molina, Alfred; Reparto. 
710 2 |a Metro-Goldwyn-Mayer. 
653 |a FICCIÓN 
653 |a LARGOMETRAJE 
859 |a CEMS  |b BIB. CEMS - Depto. Recursos Didacticos  |h 778.5  |i GIL-1  |k DRD  |p 3227.23  |t Ej.1